The CIA book club : the secret mission to win the ... Read More
Available copies
- 1 of 1 copy available at LARL/NWRL Consortium.
- 1 of 1 copy available at Lake Agassiz Regional Library. (Show preferred library)
Current holds
0 current holds with 1 total copy.
Show Only Available Copies
| Location | Call Number / Copy Notes | Barcode | Shelving Location | Status | Due Date |
|---|---|---|---|---|---|
| Breckenridge Public Library | 028.7094 ENG (Text) | 33500014237309 | New | Available | - |
Record details
- ISBN: 9780593447901
- ISBN: 0593447905
- Physical Description: xxxi, 341 pages : black and white illustrations, ... Read More
- Edition: First US edition.
- Publisher: New York, NY : Random House, 2025
- Copyright: ©2025
Content descriptions
| Bibliography, etc. Note: | Includes bibliographical references (pages ... Read More |
| Formatted Contents Note: | Part one: hope (1980-1981). A snaggle-toothed ... Read More |
| Summary, etc.: | "Recounts a covert Cold War operation led by ... Read More |
Search for related items by subject
| Genre: | Informational works. |
| LDR | 03773cam a2200625 i 4500 | ||
|---|---|---|---|
| 001 | 458757 | ||
| 003 | LARL_NWRL_CONSORTIUM | ||
| 005 | 20250805174213.0 | ||
| 008 | 250624t20252025nyuab e b 001 0 eng | ||
| 010 | . | ‡a 2025008065 | |
| 040 | . | ‡aDLC ‡beng ‡erda ‡cJPL ‡dJPL ‡dIG# ‡dOCLCO ‡dIH9 ‡dOCLCO ‡dGP5 ‡dIUK ‡dJFL ‡dMTG ‡dYDX ‡dSDD ‡dCLE | |
| 019 | . | ‡a1478323605 | |
| 020 | . | ‡a9780593447901 ‡q(hardcover) | |
| 020 | . | ‡a0593447905 ‡q(hardcover) | |
| 035 | . | ‡a(OCoLC)1525182910 ‡z(OCoLC)1478323605 | |
| 041 | 0 | . | ‡aeng |
| 043 | . | ‡aee----- ‡0http://id.loc.gov/authorities/subjects/sh85045765 | |
| 043 | . | ‡an-us--- ‡0http://id.loc.gov/authorities/names/n78095330 | |
| 082 | 0 | 0. | ‡a028.70947/0904 ‡223/eng/20250411 |
| 082 | 0 | 4. | ‡a327.1273 ‡223/eng/20250703 |
| 100 | 1 | . | ‡aEnglish, Charlie, ‡eauthor. ‡1https://id.oclc.org/worldcat/entity/E39PCjDxQFfVYmqrdV4BYGqwBX |
| 245 | 1 | 4. | ‡aThe CIA book club : ‡bthe secret mission to win the Cold War with forbidden literature / ‡cCharlie English. |
| 246 | 3 | . | ‡aCentral Intelligence Agency book club |
| 250 | . | ‡aFirst US edition. | |
| 264 | 1. | ‡aNew York, NY : ‡bRandom House, ‡c2025 | |
| 264 | 4. | ‡c©2025 | |
| 300 | . | ‡axxxi, 341 pages : ‡bblack and white illustrations, maps ; ‡c25 cm | |
| 336 | . | ‡atext ‡btxt ‡2rdacontent ‡0http://id.loc.gov/vocabulary/contentTypes/txt | |
| 336 | . | ‡astill image ‡bsti ‡2rdacontent | |
| 337 | . | ‡aunmediated ‡bn ‡2rdamedia ‡0http://id.loc.gov/vocabulary/mediaTypes/n | |
| 338 | . | ‡avolume ‡bnc ‡2rdacarrier ‡0http://id.loc.gov/vocabulary/carriers/nc | |
| 520 | . | ‡a"Recounts a covert Cold War operation led by George Minden to smuggle banned literature into Eastern Europe, focusing on the cultural and psychological battle against Soviet censorship and the role underground reading networks played in weakening totalitarian control, especially in Poland"-- ‡cProvided by publisher. | |
| 504 | . | ‡aIncludes bibliographical references (pages 289-328) and index. | |
| 505 | 0 | 0. | ‡gPart one: hope (1980-1981). ‡tA snaggle-toothed thought machine -- ‡tOur friends down south -- ‡tThe french connection -- ‡tAn international spiderweb -- ‡tThey will crush us like bugs -- ‡tThe deal -- ‡gPart two: war (1981-1985). ‡tThe night of the general -- ‡tThis is big casino -- ‡tCitizens versus the secret police -- ‡tRaphael -- ‡tIdeas for getting out of a no-win situation -- ‡tHelpful -- ‡tOh sh**! reactionary propaganda! -- ‡tThis turbulent priest -- ‡tThe network -- ‡gPart three: reckoning (1986-1989). ‡tThe regina affair -- ‡tA general, a lowly recruit, and all ranks in between -- ‡tTelevision free Europe -- ‡tHigh noon -- ‡tBloody Feliks -- ‡tEpilogue: the best-Kept secret. |
| 610 | 1 | 0. | ‡aUnited States. ‡bCentral Intelligence Agency ‡xHistory ‡y20th century. |
| 650 | 0. | ‡aBooks and reading ‡zEurope, Eastern ‡xHistory ‡y20th century. | |
| 650 | 0. | ‡aInformation warfare ‡zUnited States ‡xHistory ‡y20th century. | |
| 650 | 0. | ‡aInformation warfare ‡zEurope, Eastern ‡xHistory ‡y20th century. | |
| 650 | 0. | ‡aPublishers and publishing ‡xPolitical aspects. | |
| 650 | 0. | ‡aCold War ‡xPropaganda. | |
| 650 | 7. | ‡aHISTORY / Europe / Poland. ‡2bisacsh | |
| 650 | 7. | ‡aHISTORY / Russia. ‡2bisacsh | |
| 650 | 7. | ‡aHISTORY / United States / 20th Century. ‡2bisacsh | |
| 655 | 7. | ‡aInformational works. ‡2lcgft | |
| 901 | . | ‡a458757 ‡bOCoLC ‡c458757 ‡tbiblio ‡soclc | |

Add to basket
Permalink
Disable Highlighting